000 00417nam a2200181Ia 4500
001 15073
005 20260306165001.0
008 260306t2011||||xx |||||||||||||| ||spa||
041 _aESP
082 _a530
_bB28 V. 1
100 _aBauer, Wolfgang
_eAUT
245 0 _aFísica para ingeniería y ciencias
260 _c2011
300 _a
_c27 cm.
650 _aGEN
654 _aCCN
942 _cLIB
_dJUS
_fJUS
_2ddc
_n
999 _c15073
_d15073